Nicaragua: aproximación al estudio del carácter de la revolución y la naturaleza del estado, 1979 - 1981 /
সংরক্ষণ করুন:
| প্রধান লেখক: | |
|---|---|
| সংস্থা লেখক: | |
| অন্যান্য লেখক: | |
| বিন্যাস: | পাঠ্য |
| প্রকাশিত: |
s.l:
CSUCA
|
| ট্যাগগুলো: |
ট্যাগ যুক্ত করুন
কোনো ট্যাগ নেই, প্রথমজন হিসাবে ট্যাগ করুন!
|
MARC
| LEADER | 00000 a a2200000 04500 | ||
|---|---|---|---|
| 001 | 22964 | ||
| 003 | |||
| 040 | |||
| 090 | |a 157700 | ||
| 100 | |a Sarti, Carlos A. | ||
| 110 | |a CSUCA. Programa centroamericano de Ciencias Sociales | ||
| 245 | |a Nicaragua: aproximación al estudio del carácter de la revolución y la naturaleza del estado, 1979 - 1981 / |c Carlos A. Sarti | ||
| 260 | |a s.l: |b CSUCA | ||
| 300 | |a 33 p | ||
| 700 | |a Godoy, Julio | ||
| 999 | |c 9715 |d 9715 | ||
